000 00586nam a2200193 a 4500
001 BRL_1612
005 20190320211304.0
008 171116s2009----mx-a######---#000-0#spa-#
041 _aspa
044 _amx
050 4 _aNK7198
_b.D53 2009
245 1 0 _aDía del platero. Artesanos de Taxco, Guerrero
_bbiografías y reconocimientos 2003-2009.
260 _aMéxico
_bFONART
_c[2009]
300 _a107 p.
_bil. a color
_c22 cm.
500 _aIncluye glosario de términos
504 _aBibliografía : p. 107
650 1 4 _aTrabajos en plata
_zTaxco, Guerrero
_927441
942 _2lcc
_cB
999 _c10421
_d10421